Americas Ending in A Quiz Stats

 Plays Quiz Updated Apr 5, 2014

Support Sporcle.
Go Orange.
Score 0/16 Timer 03:00
1 Play Today
Continent Country % Correct
North AmericaCanada
96.7%
South AmericaArgentina
94.7%
North AmericaCuba
86.8%
North AmericaPanama
86.8%
South AmericaColombia
86.3%
South AmericaBolivia
84.8%
South AmericaVenezuela
83.4%
North AmericaJamaica
77.9%
Continent Country % Correct
North AmericaCosta Rica
77.4%
North AmericaNicaragua
75.5%
North AmericaGuatemala
75.3%
South AmericaGuyana
74.6%
North AmericaDominica
71.9%
North AmericaAntigua and Barbuda
62.4%
North AmericaGrenada
58.3%
North AmericaSt Lucia
56.7%

You're not logged in!

Compare scores with friends on all Sporcle quizzes.
OR
Log In

From the Vault

Who's the Singer?

by siege_eh

When in doubt, click the name you recognize.
Remove Ads.
Support Sporcle.
Get the best of Sporcle when you Go Orange. This ad-free experience offers more features, more stats, and more fun while also helping to support Sporcle. Thank you for becoming a member.

Show Comments

Extras

Top Quizzes Today


Score Distribution

Your Account Isn't Verified!

In order to create a playlist on Sporcle, you need to verify the email address you used during registration. Go to your Sporcle Settings to finish the process.

Report this User

Report this user for behavior that violates our Community Guidelines.

Details: